Komparácia podnikateľského prostredia v Slovenskej republike a Rakúskej republike diplomová práca

Uložené v:
Podrobná bibliografia
Hlavný autor: Šarlina, Igor
Korporativný autor: Fakulta podnikového manažmentu EU. Katedra podnikovohospodárska
Ďalší autori: Rybárová, Daniela, 1967-
Médium: Kniha
Jazyk:Slovak
Vydavateľské údaje: Bratislava 2019
Tagy: Pridať tag
Žiadne tagy, Buďte prvý, kto otaguje tento záznam!

MARC

LEADER 00000nbm a2200000 4500
001 0255571
005 20191126143431.3
041 0 |a slo 
044 |a SK 
245 1 0 |a Komparácia podnikateľského prostredia v Slovenskej republike a Rakúskej republike  |b diplomová práca  |c Igor Šarlina ; školiteľ: Daniela Rybárová 
264 1 |a Bratislava  |c 2019 
300 |a 65 s. 
100 1 |a Šarlina, Igor 
700 1 |a Rybárová, Daniela, 1967- 
710 2 |a Fakulta podnikového manažmentu EU. Katedra podnikovohospodárska